Madras District gazetteers / (Record no. 61531)

MARC details
000 -LEADER
fixed length control field 01592cam a22003614a 4500
001 - CONTROL NUMBER
control field sa 65000393
003 - CONTROL NUMBER IDENTIFIER
control field DLC
005 - DATE AND TIME OF LATEST TRANSACTION
control field 20260227112102.0
008 - FIXED-LENGTH DATA ELEMENTS--GENERAL INFORMATION
fixed length control field 760826m19572002ii b b 001 0 eng
010 ## - LIBRARY OF CONGRESS CONTROL NUMBER
LC control number sa 65000393
025 ## - OVERSEAS ACQUISITION NUMBER
Overseas acquisition number PL480:I-E-3361
040 ## - CATALOGING SOURCE
Original cataloging agency DLC
Transcribing agency DLC
Modifying agency DLC
043 ## - GEOGRAPHIC AREA CODE
Geographic area code a-ii---
050 00 - LIBRARY OF CONGRESS CALL NUMBER
Classification number DS485.M26
Item number M14 1957
082 00 - DEWEY DECIMAL CLASSIFICATION NUMBER
Classification number 915.4/82
110 1# - MAIN ENTRY--CORPORATE NAME
Corporate name or jurisdiction name as entry element Madras (India : State)
245 10 - TITLE STATEMENT
Title Madras District gazetteers /
Statement of responsibility, etc. by B.S. Baliga.
246 1# - VARYING FORM OF TITLE
Display text Vols. 6-11 have title:
Title proper/short title Tamil Nadu District gazetteers
246 1# - VARYING FORM OF TITLE
Display text Vols. 12-14 have title:
Title proper/short title Tamil Nadu State
246 1# - VARYING FORM OF TITLE
Display text Vols. 12-14 have spine title:
Title proper/short title Tamil Nadu District gazetteers
260 ## - PUBLICATION, DISTRIBUTION, ETC.
Place of publication, distribution, etc. Madras :
Name of publisher, distributor, etc. Printed by the Supt., Govt. Press,
Date of publication, distribution, etc. 1957-<2007>
300 ## - PHYSICAL DESCRIPTION
Extent v. <14 in 17> :
Other physical details col. maps ;
Dimensions 26 cm.
490 0# - SERIES STATEMENT
Series statement Gazetteer of India
500 ## - GENERAL NOTE
General note Vol. 1 only has special title.
500 ## - GENERAL NOTE
General note Editors vary.
500 ## - GENERAL NOTE
General note Imprint varies.
500 ## - GENERAL NOTE
General note Maps on folded leaves in pockets.
500 ## - GENERAL NOTE
General note Vol. 1 lacks series.
504 ## - BIBLIOGRAPHY, ETC. NOTE
Bibliography, etc. note Includes bibliographical references and indexes.
505 0# - FORMATTED CONTENTS NOTE
Formatted contents note [1] Tanjore District handbook -- [2] Madurai -- [3] South Arcot -- [4] Coimbatore -- [5] Salem -- [6] Ramanathapuram -- [7] Pudukkottai -- [8] Kanniyakumari District -- [9] Nilgiris District -- [10] Tiruchirappalli (pt. 1-2) -- [11] Dharmapuri -- [12] Kancheepuram and Tiruvallur districts (erstwhile Chengalpattu District -- [13] Tirunelveli District (v. 1-2) -- [14] Thoothukudi District (v. 1-2)
651 #0 - SUBJECT ADDED ENTRY--GEOGRAPHIC NAME
Geographic name Tamil Nadu (India)
Form subdivision Gazetteers.
700 1# - ADDED ENTRY--PERSONAL NAME
Personal name Baliga, B. S.,
Titles and other words associated with a name Rao Bahadur.

No items available.

Powered by Koha